000 00886nam a2200205Ia 4500
003 GCL
008 140319s9999 xx 000 0 ara d
020 _a4447118977
040 _aGCL /
_cGCL
082 0 4 _aق
_b962.03
_bع م
100 1 _aعبدالرحمن الرافعى
245 1 0 _aمصر المجاهدة فى العصر الحديث : ج3 :
_bمن اول حكم اسماعيل الى بداية الثورة العرابية /
_cعبدالرحمن الرافعى
250 _aالثالثة
260 _aالقاهرة :
_bدار الهلال للطباعة والنشر
300 _a208 ص ؛
_c24 سم
490 _aمصر المجاهدة فى العصر الحديث
_v3
650 0 4 _aمصر - تاريخ - العصر الحديث (1805 - 1956 )
650 0 4 _aمصر - تاريخ - العصر الحديث - عصر اسماعيل ( 1863-1879 م )
942 _2ddc
_cBK
999 _c5069
_d5069